000 00325 a2200121 4500
001 ART_17536
005 20260410161750.0
008 260409a
245 1 0 _aThe new age of innovation
100 1 _aPrahalad, C. K.
700 1 _aKrishnan, M. S.
773 0 _tBook Summary
_g- NÂș 12 (ene. 2009)
_wREV4099
999 _c19592
_d19592